I can : (Record no. 7840)

MARC details
000 -LEADER
fixed length control field 00447nam a22001457a 4500
008 - FIXED-LENGTH DATA ELEMENTS--GENERAL INFORMATION
fixed length control field 190411b ||||| |||| 00| 0 eng d
020 ## - INTERNATIONAL STANDARD BOOK NUMBER
International Standard Book Number 9788184826456
082 ## - DEWEY DECIMAL CLASSIFICATION NUMBER
Classification number 305.23 R19i 2011
100 ## - MAIN ENTRY--PERSONAL NAME
Personal name Rangachari, Devika.
245 ## - TITLE STATEMENT
Title I can :
Remainder of title stories of how children are changing their world
260 ## - PUBLICATION, DISTRIBUTION, ETC.
Place of publication, distribution, etc. Mumbai ,
Name of publisher, distributor, etc. Amar Chitra Kaha Pvt Ltd ;
Date of publication, distribution, etc. 2011.
300 ## - PHYSICAL DESCRIPTION
Extent viii, 128 pages :
Dimensions 19 cm.
650 ## - SUBJECT ADDED ENTRY--TOPICAL TERM
Topical term or geographic name entry element Cross- cultural studies.
942 ## - Added entry Elements (Koha)
Source of classification or shelving scheme Dewey Decimal Classification
Holdings
Withdrawn status Lost status Source of classification or shelving scheme Damaged status Not for loan Collection code Home library Current library Shelving location Date acquired Serial Enumeration / chronology Total Checkouts Full call number Barcode Date last seen Price effective from Koha item type
    Dewey Decimal Classification     Main TEST RTC Library RTC Library Main opac 11/04/2019 13309   305.23 RAN 30013429 12/01/2022 11/04/2019 Main
Royal Thimphu College || All Right Reserved